000 00527nam a2200181Ia 4500
008 100920s9999 xx 000 0 und d
082 _b59113
_a--- 0
100 _aकाशिकर अेस. अेम.
245 _aसुवर्ण कन्या.
260 _b---
_c0
300 _a196
_bसाधी
365 _b70
520 _aकादंबरी.
630 _aसुवर्ण कन्या.
650 _aकादंबरी.
730 _aसुवर्ण कन्या.
942 _cBOOK
999 _c702586
_d702583